| 000 | 00913nam a2200337Ia 4500 | ||
|---|---|---|---|
| 001 | Z_2778 | ||
| 003 | CHAP | ||
| 008 | 220113s1985 xx 000 0 und d | ||
| 010 | _a163585 | ||
| 040 | _cCHAP | ||
| 082 | _a636.08 N45 | ||
| 100 |
_aNeuman - Sorensen, A _9137746 |
||
| 245 |
_aGenetics resourses of pig, sheep and goat / _cby A. Neuman - Sorensen, S. M. Gaafar, E. Howard Walter and A. Rex E. Marsh |
||
| 260 |
_aAmsterdan : _bElsevier Applied Science, _c1985 |
||
| 300 | _a575 p. | ||
| 440 | _a | ||
| 500 | _a | ||
| 503 | _a168161 | ||
| 650 |
_aGanadería _944604 |
||
| 650 |
_aGanado cabrío _944988 |
||
| 650 |
_aGanado lanar _945150 |
||
| 650 |
_aGanado porcino _945328 |
||
| 650 | _aGenética animal | ||
| 650 |
_aRecursos genéticos I. Maijala, K. II. t. _9137748 |
||
| 901 | _a636.08 N45 | ||
| 902 | _aA | ||
| 910 | _a1985 | ||
| 942 | _c1 | ||
| 942 | _cc1 | ||
| 999 |
_c163585 _d163585 |
||